Quizzes
Events
Quiz Creation
Community
Videos
Private Events
Remove Ads
Sign In
Join for FREE
Feedback
Dark Mode
Quiz Categories
Sports
Geography
Music
Movies
Television
Just For Fun
Miscellaneous
History
Literature
Language
Science
Gaming
Entertainment
Religion
Holiday
For Kids
Quiz Lab
Recent
Popular Today
Quiz Kudos Today
Editor Picks
Curator Picks
Quizzes by...
Day
Popularity
Type
Ratings
Length
Year
Community
Subscriptions
Recent Discussions
Orange Saloon
Badges
Playlists
Quests
Create
Leaderboards
Showdown
Live 5
Trivia Bingo
Activity
Puzzle Library
Sporcle Events
Private Events
Virtual Trivia
Globe League
Become a Host
Pub Owners
SporcleCon
Opinionation
Our Games
Videos
Blog
Mobile Apps
Partnerships
Remove Ads and Go Orange
Feedback
Television
TV Characters
TV Show
Sitcom
Network
Friends
Reality Shows
Cast
South Park
Star Trek
The Simpsons
Doctor Who
Television
TV Characters
TV Show
Sitcom
Network
Friends
Reality Shows
Cast
South Park
Star Trek
The Simpsons
Doctor Who
Random Quiz
Search Sporcle
×
Quiz Lab
Quiz Lab
Television
Grab Bag
Type in answers that appear in a list
Type in answers that appear in a list
Classic
Best Score? Go Orange.
CSI:NY Grab Bag Stats
Can you name the Things?
By
carollouise99
6m
43 Questions
512 Plays
512 Plays
512 Plays
Comments
Comments
Give Quiz Kudos
Give Quiz Kudos
-
- Ratings
hide this ad
Forced Order
Answers have to be entered in order
Answers have to be entered in order
Replay
Link that replays current quiz
Next Quiz
Link to next quiz in quiz playlist
You Got
0%
They Got
Avg Score
36%
Avg Friend Score
Upgrade to see
Score Distribution
Jump to the score distribution portion of the page
Score
0/43
Timer
06:00
0
Plays Today
Subject
Thing
% Correct
Cast
Gary Sinise
82.6%
Relationships
Lindsay
65.6%
Cast
Anna Belknap
64.8%
Cast
Eddie Cahill
64.8%
Cast
Hill Harper
63.5%
Famous for...
Danny Messer
63.1%
Cast
Sela Ward
59.4%
Cast
AJ Buckley
59.2%
Relationships
Claire
56.1%
Famous for...
Adam Ross
54.1%
Cast
Robert Joy
53.1%
Monuments
Statue of Liberty
51.4%
Cast
Carmine Giovinazzo
50.6%
Relationships
Jessica
50.4%
Cast
Melina Kanakaredes
50%
Monuments
Central Park
48.8%
Relationships
Kendall
48.2%
Famous for...
Sid Hammerback
44.3%
Cast
Vanessa Ferlito
43.2%
Famous for...
Lindsay Monroe
41%
Relationships
Adam
37.9%
Famous for...
Peyton Driscoll
34.6%
Subject
Thing
% Correct
Who's episode?
Stella Bonasera
27.9%
Who's episode?
Mac Taylor
27.9%
Monuments
Times Square
25.4%
Who's episode?
Don Flack
24.6%
Who's episode?
Sheldon Hawkes
24.2%
Name the episode
Blink
24.2%
Monuments
Brooklyn Bridge
23%
Monuments
New York Library
21.5%
Name the episode
Snow Day
20.3%
Who's episode?
Adam Ross
18%
Name the episode
Pay Up
16.2%
Name the episode
The 34th Floor
13.1%
Name the episode
Veritas
12.9%
Name the episode
Epilogue
12.5%
Name the episode
Charge Of This Post
12.1%
Name the episode
Summer In The City
11.7%
Name the episode
People With Money
11.3%
Name the episode
What You See Is What You See
11.1%
Name the episode
Vacation Getaway
11.1%
Name the episode
Hostage
10.9%
Name the episode
Can You Hear Me Now?
10%
Quiz Playlist
Details
Report
Send in Message
Add To Playlist
Classic:
Type in answers that appear in a list
Forced Order:
Answers have to be entered in order
Last Updated: Feb 16, 2017
Quiz Scoreboard
CHALLENGE
Sign Up to Join the Scoreboard
Show All
Scores
Hide
Comments
May contain spoilers
Recently Published
Movies - When Are They Set?
by FPL_Elf
Movies
5m
Popular People in 1961
by mucciniale
History
6m
1-10 Letter E Words III
by El_Dandy
Language
2m
More to Explore
Quiz From the Vault
Featured Blog Post
Where Did the Easter Bunny Come From?
hide this ad
You Might Also Like...
Tags
Grab Bag Quiz
Character
CSI
episode
New York
Today's Top Quizzes in Television
Browse Television
hide this ad
Today's Top Quizzes in Grab Bag
Browse Grab Bag
Top Contributed Quizzes in Television
1
One Piece Logic Puzzle
2
Survivor Logic Puzzle: Heroes vs. Villains
3
Survivor Seasons
4
Survivor Season by Logo
5
Survivor Trivia
6
Survivor Logic Puzzle: Winners at War
7
Ultimate Survivor Logic Puzzle
8
Phoebe Buffay Quotes
9
One Thing in Common: Television
10
Who Wants to Be a Millionaire?
Explore More
Trending Topics
NBA
Kpop
Marvel
Crossword
Anime
Harry Potter
Disney
Song
WWE
NFL
Country
Soccer
Pokémon
The Office
Puzzle
hide this ad
More By:
carollouise99
Quiz
Plays
Rating
Category
Featured
Created
Doctor Who Episodes By Antonym
4,678
3.62
Television
Jun 1, 2011
Sherlock TV Trivia
1,280
2.75
Television
Mar 29, 2011
Doctor Who Grab Bag
822
2.10
Television
Mar 28, 2011
CSI:NY Character Trivia
691
4.00
Television
May 29, 2011
CSI:NY Grab Bag
512
3.00
Television
Mar 28, 2011
Go to Creator's Profile
Score Distribution
Quiz Creator Spotlight
carollouise99
Follow
Send a Message
Quizzes Created
-
Created Quiz Play Count
-
More By This Creator
Popular Quizzes Today
1
Find the Countries of Europe - No Outlines Minefield
2
Find the US States - No Outlines Minefield
3
The Countries of the World
4
Popular People in 1961
5
1-10 Letter E Words III
6
US States
7
Find the US States
8
One Thing in Common: World Cities II
More Television Quizzes
Click the Abbott Elementary Characters
Published
Trending Quizzes
Risky Map Clicking: Least Populous States A-Z
1-10 Letter F Words
Humor Books: The Subtitles
1-10 Letter G Words
One Thing in Common: United Kingdom
Recently Updated
Leaping Animals
pecheneg
Reality TV Shows (A-Z)
bhenderson79
Rickey Henderson's Hall of Fame Teammates
pecheneg
Champions League XIs: Arsenal
pecheneg
Quick Pick: Celebrities in WWE's Hall of Fame
aduchscher
A-Z Keypad Blitz II
pecheneg
Multiple Oscar Actors
pecheneg
Mystery Phrase Blitz: Oscar 'Best Actors'
pecheneg
F. Scott Fitzgerald Novels
LTH
Pick 3 Villains
ddd62291
Trending Topics
Disney
Kpop
Marvel
Anime
NBA
Harry Potter
Crossword
Song
Country
WWE
Pokémon
Puzzle
Soccer
NFL
The Office
Your Account Isn't Verified!
In order to create a playlist on Sporcle, you need to verify the email address you used during registration. Go to your
Sporcle Settings
to finish the process.
Report this User
Report this user for behavior that violates our
Community Guidelines
.
Details:
Send Report
Go to the Sporcle.com Mobile Site →
Comments